Music Quiz

Random Music or United States Quiz

Streets In Songs Quiz Stats

 Plays Quiz Updated Jan 13, 2016

Also try: Song Occupations
Challenge
Share
Tweet
Embed
Score 0/26 Timer 06:00
0 Plays Today
% Correct
River
95.9%
Mountain
95.8%
Road
95.2%
Light
94%
Wall
93.5%
Lane
91.3%
Bridge
89%
Green
87%
Boulevard
85.3%
Lock
84.9%
Bottom
83.7%
Street
83.7%
Park
83.6%
% Correct
Alley
83.2%
Point
83.1%
Center
83%
Rest
81.3%
Drive
80.3%
Fall
78.3%
Place
77.9%
Island
71.1%
Corner
70.9%
Grove
64%
Divide
57.7%
Highway
51.7%
Lake
46.1%

You're not logged in!

Compare scores with friends on all Sporcle quizzes.
Join for Free
OR
Log In

You Might Also Like...

Show Comments

Extras

Top Quizzes Today


Score Distribution

Your Account Isn't Verified!

In order to create a playlist on Sporcle, you need to verify the email address you used during registration. Go to your Sporcle Settings to finish the process.

Report this User

Report this user for behavior that violates our Community Guidelines.

Details: